|
|
|
|
| LEADER |
00000nab a2200000 a 4500 |
| 001 |
vtls000927725 |
| 003 |
SK-MaSNL |
| 005 |
20260303033430.0 |
| 008 |
040720e20020326xo 0 slo |
| 035 |
|
|
|a KE36602
|
| 040 |
|
|
|a KEVKJB
|b slo
|c KEVKJB
|e AACR2
|
| 041 |
0 |
|
|a slo
|
| 044 |
|
|
|a xo
|c SK
|
| 080 |
|
|
|a 339.56
|2 1981
|
| 245 |
0 |
0 |
|a Karpatská nadácia aj v roku 2002 otvorila svoje malé grantové programy
|
| 610 |
2 |
7 |
|a Karpatská nadácia
|2 KEVKJB
|9 30151
|
| 650 |
0 |
7 |
|a grantové programy
|2 KEVKJB
|9 5002
|
| 651 |
|
7 |
|a Košický samosprávny kraj (Slovensko)
|2 KEVKJB
|9 195425
|
| 651 |
|
7 |
|a Prešovský samosprávny kraj (Slovensko)
|2 KEVKJB
|9 23301
|
| 651 |
|
7 |
|a KS,
|2 KEVKJB
|9 880381
|
| 655 |
|
7 |
|a periodikum
|2 snkbucl
|9 29553
|
| 710 |
2 |
|
|a Karpatská nadácia
|4 aut
|9 30151
|
| 773 |
0 |
8 |
|t Obecné noviny
|g Roč. 12
|g Roč. 28, č.13, 26.3.2002, s. 14
|
| 852 |
|
|
|a ZVYKNI
|b KIS3GCP
|
| 999 |
|
|
|c 1669985
|d 1671915
|